|
|
|
|
| LEADER |
00000cam a2200000 a 4500 |
| 001 |
vtls001219634 |
| 003 |
SK-MaSNL |
| 005 |
20260301234053.0 |
| 008 |
960412s1996 xo grj f00000 slo |
| 035 |
|
|
|a SNK000163982
|
| 040 |
|
|
|a SNK
|b slo
|c SNK
|e AACR2
|
| 041 |
0 |
|
|a slo
|
| 044 |
|
|
|a xo
|c SK
|
| 072 |
|
7 |
|a 614.84
|x Požiare. Ochrana pred požiarmi
|2 konspekt
|
| 080 |
|
|
|a 614.841
|2 2011
|
| 080 |
|
|
|a 721
|2 2011
|
| 080 |
|
|
|a (088.83)
|2 2001
|
| 100 |
1 |
|
|a Gašper, Michal
|4 aut
|9 629543
|
| 245 |
1 |
0 |
|a Požiarny uzáver
|c Michal Gašper, Krzysztof Snopek
|
| 260 |
|
|
|a Banská Bystrica
|b Úrad priemyselného vlastníctva SR
|c 1996
|
| 300 |
|
|
|a 7 strán
|c 8°
|
| 650 |
0 |
7 |
|a požiare
|2 SNKPH
|9 1504
|
| 650 |
0 |
7 |
|a požiarne uzávery
|2 SNKPH
|9 629544
|
| 650 |
0 |
7 |
|a budovy
|2 SNKPH
|9 1283
|
| 650 |
0 |
7 |
|a prevencia
|2 SNKPH
|9 276631
|
| 655 |
|
7 |
|a patenty
|2 SNKPH
|9 177343
|
| 700 |
1 |
|
|a Snopek, Krzysztof,
|d 1976-
|4 aut
|9 629545
|
| 999 |
|
|
|c 968813
|d 970743
|
| 952 |
|
|
|t P60, <03>, [BOOK], {603}
|a SNK
|b SNK
|y PREZ
|7 0
|o snkSK 278086
|i snkPS 160/96
|0 0
|1 0
|4 0
|d 1996-09-03
|l 0
|r 2005-01-01 00:00:00
|w 2026-02-24
|